000 00199 a2200097 4500
020 _a9780307355218
041 _aspa
100 _aMaria Sucarrat
245 _aVida sentimental de Eva Peron
942 _cBK
999 _c7380
_d7380